Why Americans Love their Country Quiz Stats

Quiz not verified by Sporcle

Challenge
Share
Tweet
Embed
Score 0/10 Timer 04:00
0 Plays Today
% Correct
1. Freedom
95%
2. Democracy
26.1%
7. Creating Wealth
21.8%
4. Enlightened Power
16.8%
10. Entertainment
10.1%
8. Technology
5%
9. Immigration
3.4%
6. Generosity
3.4%
3. Medicine
3.4%
5. Human Achievement
2.5%

You're not logged in!

Compare scores with friends on all Sporcle quizzes.
Sign Up with Email
OR
Log In

You Might Also Like...

Show Comments

Extras

Top Quizzes Today


Score Distribution

Your Account Isn't Verified!

In order to create a playlist on Sporcle, you need to verify the email address you used during registration. Go to your Sporcle Settings to finish the process.